[Event "World Amateur-ch U1700"]
[Site "Cagliari"]
[Date "2018.04.28"]
[Round "8"]
[White "Zholdoshmamatov, Adilet"]
[Black "Manca, Luigi"]
[Result "1/2-1/2"]
[WhiteElo "1533"]
[BlackElo "1679"]
[PlyCount "108"]
[EventDate "2018.04.22"]
[EventType "swiss"]
[EventRounds "9"]
[EventCountry "ITA"]
[SourceTitle "CBM 184 Extra"]
[Source "ChessBase"]
[SourceDate "2018.06.28"]
[SourceVersion "1"]
[SourceVersionDate "2018.06.28"]
[SourceQuality "1"]

1. e4 c5 2. Nc3 d6 3. f4 Nf6 4. Nf3 Nc6 5. Bc4 e6 6. d3 a6 7. a4 Be7 8. 0-0 0-0 9. Qe1 d5 10. Ba2 Nb4 11. Qe2 b5 12. e5 Nd7 13. d4 cxd4 14. Nxd4 Bc5 15. Be3 Qb6 16. Rad1 Nxa2 17. Nxa2 bxa4 18. Nc3 Qb4 19. Nc6 Qb6 20. Nd4 Qb4 21. Nc6 Bxe3+ 22. Qxe3 Qc5 23. Qxc5 Nxc5 24. Ne7+ Kh8 25. Nxc8 Rfxc8 26. Rd4 Rab8 27. Nxa4 Nxa4 28. Rxa4 Rxb2 29. Rxa6 Rbxc2 30. f5 exf5 31. Rxf5 Kg8 32. e6 fxe6 33. Rxe6 Rd8 34. h3 d4 35. Re7 Rf8 36. Rd5 Rcf2 37. Rxd4 R2f7 38. Rxf7 Kxf7 39. Rf4+ Kg8 40. Rxf8+ Kxf8 41. Kf2 Ke7 42. Kf3 Kf6 43. Kg4 g6 44. h4 Kg7 45. Kg5 h6+ 46. Kf4 Kf6 47. g4 g5+ 48. hxg5+ hxg5+ 49. Ke4 Ke6 50. Kd4 Kd6 51. Ke4 Ke6 52. Kd4 Kd6 53. Ke4 Ke6 54. Kd4 Kd6 1/2-1/2

[Event "EU-ch U14 26th"]
[Site "Prague"]
[Date "2016.08.19"]
[Round "2"]
[White "Petr, Jakub"]
[Black "Manca, Luigi"]
[Result "1-0"]
[WhiteElo "1917"]
[BlackElo "1608"]
[PlyCount "153"]
[EventDate "2016.08.18"]
[EventType "swiss"]
[EventRounds "9"]
[EventCountry "CZE"]
[SourceTitle "CBM 174 Extra"]
[Source "ChessBase"]
[SourceDate "2016.10.10"]
[SourceVersion "1"]
[SourceVersionDate "2016.10.10"]
[SourceQuality "1"]

1. e4 d5 2. exd5 Qxd5 3. Nc3 Qa5 4. d4 c6 5. Bd2 Qc7 6. Nf3 Bg4 7. g3 Nf6 8. Bg2 e6 9. 0-0 Be7 10. Ne2 Nbd7 11. h3 Bxf3 12. Bxf3 0-0 13. c3 Rfe8 14. Re1 Bd6 15. Qc2 Rac8 16. Rad1 c5 17. Qb1 b6 18. Be3 c4 19. Nf4 b5 20. Qc2 Nb6 21. Kh2 Nbd5 22. Nxd5 Nxd5 23. Bd2 a5 24. Rc1 Red8 25. Be4 h6 26. Bxd5 exd5 27. Qf5 Qb8 28. Re3 b4 29. Rce1 bxc3 30. Bxc3 Bb4 31. Bxb4 axb4 32. Re7 Rf8 33. Qxd5 c3 34. Rb7 Rcd8 35. Rxb8 Rxd5 36. Rxb4 cxb2 37. Rb1 Rfd8 38. R1xb2 Rxd4 39. Rxd4 Rxd4 40. Kg2 Rd3 41. Rb8+ Kh7 42. a4 Ra3 43. Ra8 Kg6 44. a5 f5 45. a6 Kh7 46. Kf1 Ra2 47. f4 g5 48. Ke1 gxf4 49. gxf4 Ra4 50. a7 Kg7 51. Kd2 Kh7 52. Kc3 Kg7 53. Kb3 Ra1 54. Kb4 Kh7 55. Kc5 Kg7 56. Kd5 Ra5+ 57. Ke6 Kh7 58. Kf6 h5 59. h4 Ra6+ 60. Kxf5 Ra5+ 61. Kf6 Ra6+ 62. Kg5 Ra5+ 63. f5 Kg7 64. Kf4 Ra4+ 65. Ke3 Ra3+ 66. Kd4 Ra4+ 67. Kc3 Ra6 68. f6+ Kxf6 69. Rf8+ Ke5 70. a8Q Rxa8 71. Rxa8 Kf4 72. Ra4+ Kg3 73. Kd3 Kf3 74. Kd2 Kg3 75. Ke3 Kh3 76. Kf3 Kh2 77. Ra1 1-0